It looks like you're offline.
Open Library logo
additional options menu

MARC record from Internet Archive

LEADER: 02548cam a2200541Ia 4500
001 778419267
003 OCoLC
005 20151005100503.0
008 120222s2012 nyua 000 0 eng d
020 $a9781468301281
020 $a1468301284
035 $a778419267
035 $a(OCoLC)778419267
037 $bPenguin Group USA, Attn: Order Processing 405 Murray Hill Pkwy, East Rutherford, NJ, USA, 07073-2136$nSAN 282-5074
040 $aBTCTA$beng$cBTCTA$dBDX$dSINLB$dBKX$dSFR$dUtOrBLW
049 $aSFRA
050 14 $aPN6231.B62$bC36 2012
082 04 $a828/.9202$223
092 $a828.9202$bC1528w
100 1 $aCampbell, Jen.
245 10 $aWeird things customers say in bookstores /$cJen Campbell.
250 $a1st ed.
260 $aNew York :$bOverlook Press,$c2012.
300 $a188 p. :$bill. ;$c21 cm
336 $atext$btxt$2rdacontent
337 $aunmediated$bn$2rdamedia
338 $avolume$bnc$2rdacarrier
650 0 $aBookstores$vHumor.
650 0 $aBooksellers and bookselling$vHumor.
650 0 $aBooks and reading$vHumor.
650 0 $aConsumers$vHumor.
650 0 $aEnglish wit and humor.
907 $a.b25337889$b11-14-18$c07-06-12
998 $ae9$a(2)xgc$am2$am4$b10-03-12$cm$da $e-$feng$gnyu$h0$i12
957 00 $aOCLC reclamation of 2017-18
907 $a.b25337889$b04-23-15$c07-06-12
938 $aBaker and Taylor$bBTCP$nBK0010829263
938 $aBrodart$bBROD$n102520682$c$17.95
956 $aPre-reclamation 001 value: ocn778419267
980 $a1012 sh mk
998 $a(2)e9$a(4)xgc$a(2)m2$a(2)m4$a(2)r3$b10-03-12$cm$da$e-$feng$gnyu$h0$i12
994 $aC0$bSFR
999 $yMARS
945 $a828.9202$bC1528w$d - - $e11-09-2017 14:52$f0$g0$h01-23-18$i31223100046458$j151$0800$k - - $le9aaa$o-$p$15.00$q-$r-$s- $t0$u21$v16$w0$x2$y.i70951573$z10-18-12
945 $a828.9202$bC1528w$d - - $e10-10-2018 9:34$f0$g0$h10-11-18$i31223100046441$j503$0503$k - - $lxgcci$o-$p$15.00$q-$r-$s- $t0$u18$v3$w1$x0$y.i70951536$z10-18-12
945 $a828.9202$bC1528w$d - - $e12-11-2018 12:48$f0$g0$h12-15-18$i31223100046474$j503$0503$k - - $lxgcci$o-$p$15.00$q-$r-$s- $t0$u10$v4$w1$x0$y.i7095155x$z10-18-12
945 $a828.9202$bC1528w$d - - $e01-04-2018 16:09$f0$g0$h01-26-18$i31223100046433$j501$0800$k - - $lm2aaa$ol$p$15.00$q-$r-$s- $t0$u9$v9$w0$x2$y.i70951585$z10-18-12
945 $a828.9202$bC1528w$d - - $e03-22-2018 17:29$f0$g0$h04-03-18$i31223100046482$j301$0303$k - - $lm4aaa$ol$p$15.00$q-$r-$s- $t0$u23$v13$w0$x2$y.i70951597$z10-18-12